[Event "Torneo Distrito Chamartin 2015"]
[Site "Madrid ESP"]
[Date "2015.09.09"]
[Round "5.5"]
[White "Moreno Ruiz, Javier"]
[Black "Bento Iglesias, Pablo"]
[Result "1/2-1/2"]
[WhiteElo "2457"]
[BlackElo "1860"]
[PlyCount "104"]
[EventDate "2015.09.06"]
[EventType "swiss"]
[EventRounds "9"]
[EventCountry "ESP"]
[SourceTitle "Ajedrez en Madrid"]
[Source "lmi"]
[SourceDate "2015.09.06"]
[SourceVersion "1"]
[SourceVersionDate "2015.09.17"]
[SourceQuality "1"]

1. d4 d5 2. c4 e6 3. Nc3 Nf6 4. cxd5 exd5 5. Bg5 Be7 6. e3 c6 7. Qc2 a5 8. Bd3
Na6 9. a3 Nc7 10. Nge2 Ne6 11. Bh4 g6 12. f3 O-O 13. O-O Ng7 14. Bf2 Be6 15.
Rad1 Nd7 16. e4 Rc8 17. Kh1 f5 18. exd5 Bxd5 19. Nxd5 cxd5 20. Qb3 Nb6 21. Nc3
Bf6 22. Qb5 Ne6 23. Qxa5 Bxd4 24. Bxf5 Rxf5 25. Bxd4 Nxd4 26. Rxd4 Qf6 27. Qb4
Rd8 28. Rd3 Rh5 29. Qd4 Qd6 30. f4 Rf8 31. Kg1 Rhf5 32. g3 h5 33. a4 Rd8 34.
Rfd1 Qc6 35. b3 Na8 36. Re1 Nc7 37. Rde3 Rf6 38. Re7 Rdd6 39. Rxc7 Qxc7 40.
Nxd5 Rfe6 41. Rxe6 Qc1+ 42. Kg2 Rxe6 43. Ne3 Kf7 44. Qd7+ Re7 45. Qd5+ Kf8 46.
Qd4 Ke8 47. b4 Rd7 48. Qh8+ Ke7 49. Qg7+ Kd8 50. Qg8+ Ke7 51. Qg7+ Kd8 52. Qg8+
Ke7 1/2-1/2

[Event "Torneo Distrito Chamartin 2015"]
[Site "Madrid ESP"]
[Date "2015.09.09"]
[Round "5.6"]
[White "Andalon Gomez, Carlos J"]
[Black "Martinez Reyes, Pedro Ramon"]
[Result "1-0"]
[WhiteElo "1950"]
[BlackElo "2358"]
[PlyCount "72"]
[EventDate "2015.09.06"]
[EventType "swiss"]
[EventRounds "9"]
[EventCountry "ESP"]
[SourceTitle "Ajedrez en Madrid"]
[Source "lmi"]
[SourceDate "2015.09.06"]
[SourceVersion "1"]
[SourceVersionDate "2015.09.17"]
[SourceQuality "1"]

1. d4 d5 2. c4 Nc6 3. Nc3 dxc4 4. d5 Ne5 5. Bf4 Ng6 6. Bg3 e5 7. e4 a6 8. a3
Nf6 9. Bxc4 Bd6 10. Nge2 O-O 11. O-O h5 12. f3 h4 13. Bf2 Nh5 14. g4 hxg3 15.
hxg3 Bh3 16. Re1 Qg5 17. Qc1 Qf6 18. Qe3 Bc5 19. Qd3 Ngf4 20. Nxf4 Bxf2+ 21.
Kxf2 exf4 22. Ne2 fxg3+ 23. Nxg3 Nf4 24. Qc3 Qb6+ 25. Re3 c6 26. Rg1 g6 27. Qe5
cxd5 28. Qxf4 dxc4 29. Rh1 Qxb2+ 30. Ne2 b5 31. Rxh3 Qg7 32. e5 Rad8 33. Nc3
Rd2+ 34. Kg3 g5 35. Qf5 Rfd8 36. Rh5 f6 1-0

[Event "Torneo Distrito Chamartin 2015"]
[Site "Madrid ESP"]
[Date "2015.09.09"]
[Round "5.7"]
[White "Morona Minguez, Miguel"]
[Black "Rodriguez Melendez, Juan Humbe"]
[Result "0-1"]
[WhiteElo "1932"]
[BlackElo "2130"]
[PlyCount "108"]
[EventDate "2015.09.06"]
[EventType "swiss"]
[EventRounds "9"]
[EventCountry "ESP"]
[SourceTitle "Ajedrez en Madrid"]
[Source "lmi"]
[SourceDate "2015.09.06"]
[SourceVersion "1"]
[SourceVersionDate "2015.09.17"]
[SourceQuality "1"]

1. e4 c5 2. Nf3 d6 3. d4 cxd4 4. Nxd4 Nf6 5. Nc3 a6 6. f4 e5 7. Nf3 Qc7 8. a4
Be7 9. Bd3 O-O 10. O-O Nc6 11. Kh1 Bg4 12. Qe1 Nb4 13. fxe5 dxe5 14. Bg5 h6 15.
Be3 Rad8 16. Rd1 Bc5 17. Bxc5 Qxc5 18. Qg3 Rfe8 19. h3 Bh5 20. Nh4 Re6 21. Nf5
Bg6 22. Rf3 Bxf5 23. Rxf5 Rf8 24. Rdf1 Nd7 25. Qf3 Rf6 26. Rd1 Rxf5 27. exf5
Nxd3 28. Rxd3 Nf6 29. Qxb7 Qf2 30. Qf3 Qxc2 31. Qe2 Qc1+ 32. Rd1 Qf4 33. Rf1
Qb4 34. Rf2 Qd4 35. Rf1 Rb8 36. Rd1 Qf4 37. Rf1 Qd4 38. Rd1 Qf4 39. Rf1 Qg5 40.
g4 Rd8 41. Rf2 Qh4 42. Rh2 Qg3 43. Qf2 Qd3 44. Qe2 Qd6 45. Rf2 Qc6+ 46. Kh2 e4
47. Rf4 Qc7 48. Qf2 Rd3 49. Kg1 Qe5 50. Ne2 Nd5 51. Qc5 Re3 52. Rf2 Rf3 53. Qd4
Rg3+ 54. Kf1 Ne3+ 0-1

[Event "Torneo Distrito Chamartin 2015"]
[Site "Madrid ESP"]
[Date "2015.09.09"]
[Round "5.8"]
[White "Santos Garay-Cordovil, Salvado"]
[Black "Cervino Rossel, Cristobal"]
[Result "0-1"]
[WhiteElo "1897"]
[BlackElo "2090"]
[PlyCount "60"]
[EventDate "2015.09.06"]
[EventType "swiss"]
[EventRounds "9"]
[EventCountry "ESP"]
[SourceTitle "Ajedrez en Madrid"]
[Source "lmi"]
[SourceDate "2015.09.06"]
[SourceVersion "1"]
[SourceVersionDate "2015.09.17"]
[SourceQuality "1"]

1. d4 Nf6 2. c4 e6 3. a3 b6 4. Nf3 Bb7 5. Nc3 Be7 6. e3 O-O 7. g3 d6 8. Bg2
Nbd7 9. b4 Re8 10. O-O Bf8 11. Bb2 Ne4 12. d5 Nxc3 13. Bxc3 e5 14. Nh4 a5 15.
Qd3 g6 16. f4 axb4 17. axb4 Rxa1 18. Bxa1 Bg7 19. f5 e4 20. Bxe4 Bxa1 21. Rxa1
Ne5 22. Qd4 c5 23. dxc6 Bxc6 24. Rd1 Bxe4 25. Qxe4 Qc8 26. Rd4 Nc6 27. Qd5 Nxd4
28. exd4 Qa8 29. Qxd6 Re2 30. Qf4 Qa1+ 0-1

[Event "Torneo Distrito Chamartin 2015"]
[Site "Madrid ESP"]
[Date "2015.09.09"]
[Round "5.9"]
[White "Soto Martin, Miguel"]
[Black "Gonzalez Perez, Pedro"]
[Result "1/2-1/2"]
[WhiteElo "1716"]
[BlackElo "2003"]
[PlyCount "83"]
[EventDate "2015.09.06"]
[EventType "swiss"]
[EventRounds "9"]
[EventCountry "ESP"]
[SourceTitle "Ajedrez en Madrid"]
[Source "lmi"]
[SourceDate "2015.09.06"]
[SourceVersion "1"]
[SourceVersionDate "2015.09.17"]
[SourceQuality "1"]

1. d4 f5 2. g3 Nf6 3. Bg2 g6 4. Nf3 d6 5. d5 Bg7 6. O-O O-O 7. c4 c6 8. Nc3 e5
9. dxe6 Bxe6 10. Qd3 Qe7 11. Ng5 Na6 12. Bf4 Rfd8 13. Rfd1 Ne8 14. Qe3 Nac7 15.
Nd5 cxd5 16. cxd5 Be5 17. Bxe5 Bf7 18. Bf4 Qxe3 19. Bxe3 Nf6 20. Nxf7 Kxf7 21.
Rac1 Rd7 22. Bf4 Na6 23. Rc4 Re8 24. Kf1 Ng4 25. h3 Ne5 26. Rc3 b5 27. Bxe5
Rxe5 28. f3 Nb4 29. e4 fxe4 30. fxe4 Na6 31. a3 Rb7 32. b4 Nb8 33. Rc8 Nd7 34.
Rc6 Ke7 35. Ke2 Nb6 36. Kd3 Nc4 37. Ra1 Rg5 38. Kd4 Rxg3 39. Bf1 Nd2 40. Rc8
Nf3+ 41. Ke3 Ne5+ 42. Kd4 1/2-1/2

[Event "Torneo Distrito Chamartin 2015"]
[Site "Madrid ESP"]
[Date "2015.09.09"]
[Round "5.10"]
[White "Palenciano Escolar, Adrian"]
[Black "Perez Cameselle, Francisco"]
[Result "1/2-1/2"]
[WhiteElo "2120"]
[BlackElo "1835"]
[PlyCount "84"]
[EventDate "2015.09.06"]
[EventType "swiss"]
[EventRounds "9"]
[EventCountry "ESP"]
[SourceTitle "Ajedrez en Madrid"]
[Source "lmi"]
[SourceDate "2015.09.06"]
[SourceVersion "1"]
[SourceVersionDate "2015.09.17"]
[SourceQuality "1"]

1. e4 e6 2. d4 d5 3. Nd2 dxe4 4. Nxe4 Nd7 5. Nf3 Ngf6 6. Nxf6+ Nxf6 7. c3 c5 8.
Ne5 cxd4 9. Bb5+ Bd7 10. Nxd7 Nxd7 11. Qxd4 a6 12. Bxd7+ Qxd7 13. Qxd7+ Kxd7
14. Be3 Be7 15. O-O-O+ Kc6 16. Rd4 b5 17. Kc2 Bc5 18. Rf4 Bxe3 19. fxe3 f5 20.
Rd1 Rad8 21. Rfd4 Rd5 22. a4 Rhd8 23. axb5+ axb5 24. Rxd5 Rxd5 25. Rxd5 Kxd5
26. Kd3 e5 27. b3 e4+ 28. Ke2 g5 29. g3 Kc5 30. h4 g4 31. Kd2 Kd5 32. h5 h6 33.
b4 Kc6 34. Kc2 Kd6 35. c4 bxc4 36. Kc3 Kd5 37. b5 Kc5 38. b6 Kxb6 39. Kxc4 Kc6
40. Kd4 Kd6 41. Kc4 Kc6 42. Kd4 Kd6 1/2-1/2

[Event "Torneo Distrito Chamartin 2015"]
[Site "Madrid ESP"]
[Date "2015.09.10"]
[Round "6.1"]
[White "Anton Veiga, Juan Carlos"]
[Black "Suarez Uriel, Adrian"]
[Result "1-0"]
[WhiteElo "2051"]
[BlackElo "2224"]
[PlyCount "89"]
[EventDate "2015.09.06"]
[EventType "swiss"]
[EventRounds "9"]
[EventCountry "ESP"]
[SourceTitle "Ajedrez en Madrid"]
[Source "lmi"]
[SourceDate "2015.09.06"]
[SourceVersion "1"]
[SourceVersionDate "2015.09.17"]
[SourceQuality "1"]

1. e4 c5 2. Nf3 Nc6 3. d4 cxd4 4. Nxd4 g6 5. Be3 Nf6 6. Nc3 Bg7 7. Be2 O-O 8.
Nb3 d6 9. O-O Be6 10. f4 Rc8 11. f5 Bd7 12. Qe1 Ne5 13. Qh4 b5 14. Bh6 b4 15.
Nd5 Nxd5 16. Bxg7 Kxg7 17. exd5 Rxc2 18. Nd4 Rc5 19. Rad1 a5 20. g4 f6 21. Bf3
Qb6 22. Kh1 Rc4 23. Qf2 Qc5 24. Qe3 Kh8 25. fxg6 hxg6 26. Qh6+ Kg8 27. Ne6 Bxe6
28. dxe6 Qc8 29. h3 Qe8 30. Bg2 f5 31. Bd5 Rc5 32. gxf5 Rf6 33. fxg6 Rxg6 34.
Rg1 Rxd5 35. Rxg6+ Qxg6 36. Qxg6+ Nxg6 37. Rxd5 Nf4 38. Rg5+ Kh7 39. Rxa5 Kg6
40. Rb5 Nd3 41. a4 bxa3 42. bxa3 Kf6 43. a4 Nc5 44. a5 Kxe6 45. Rxc5 1-0

[Event "Torneo Distrito Chamartin 2015"]
[Site "Madrid ESP"]
[Date "2015.09.10"]
[Round "6.2"]
[White "Roa Alonso, Santiago"]
[Black "Andalon Gomez, Carlos J"]
[Result "1-0"]
[WhiteElo "2383"]
[BlackElo "1950"]
[PlyCount "77"]
[EventDate "2015.09.06"]
[EventType "swiss"]
[EventRounds "9"]
[EventCountry "ESP"]
[SourceTitle "Ajedrez en Madrid"]
[Source "lmi"]
[SourceDate "2015.09.06"]
[SourceVersion "1"]
[SourceVersionDate "2015.09.17"]
[SourceQuality "1"]

1. d4 d5 2. c4 e6 3. Nc3 Nf6 4. Bg5 Be7 5. e3 O-O 6. Nf3 h6 7. Bh4 c6 8. Qc2
Nbd7 9. O-O-O Re8 10. Rg1 Qa5 11. Nd2 dxc4 12. Nxc4 Qd8 13. e4 b5 14. Ne3 Bb7
15. e5 Nd5 16. Bxe7 Qxe7 17. Ncxd5 cxd5 18. Kb1 Rec8 19. Qd2 b4 20. Bd3 Nb6 21.
Rc1 a5 22. f4 Ba6 23. Rxc8+ Nxc8 24. Bxa6 Rxa6 25. Rc1 Na7 26. Rc5 Qh4 27. g3
Qe7 28. Qc2 Qd7 29. f5 Rc6 30. Qa4 Qc7 31. Qxa5 Rxc5 32. Qxc5 Qxc5 33. dxc5 Nc6
34. fxe6 fxe6 35. Kc2 Nxe5 36. Kb3 Nd3 37. c6 Kf7 38. c7 Nc5+ 39. Kc2 1-0

[Event "Torneo Distrito Chamartin 2015"]
[Site "Madrid ESP"]
[Date "2015.09.10"]
[Round "6.3"]
[White "Martin Duque, Jesus"]
[Black "Vazquez Igarza, Renier"]
[Result "0-1"]
[WhiteElo "2374"]
[BlackElo "2560"]
[PlyCount "86"]
[EventDate "2015.09.06"]
[EventType "swiss"]
[EventRounds "9"]
[EventCountry "ESP"]
[SourceTitle "Ajedrez en Madrid"]
[Source "lmi"]
[SourceDate "2015.09.06"]
[SourceVersion "1"]
[SourceVersionDate "2015.09.17"]
[SourceQuality "1"]

1. e4 c5 2. Nf3 e6 3. d4 cxd4 4. Nxd4 Nc6 5. Nc3 Qc7 6. Be2 Nf6 7. O-O Be7 8.
Kh1 O-O 9. f4 d6 10. Be3 Nxd4 11. Qxd4 Bd7 12. e5 Ne8 13. Rad1 Bc6 14. Nb5 Bxb5
15. Bxb5 dxe5 16. fxe5 a6 17. Bd3 g6 18. Bh6 Ng7 19. Qf4 Rad8 20. Rde1 Qb6 21.
b3 Rd4 22. Re4 Rxe4 23. Bxe4 Qc7 24. Bd3 Ba3 25. Qf6 Nh5 26. Qf3 Rc8 27. c3 Bf8
28. Be3 Ng7 29. Bb6 Qe7 30. Be4 h5 31. a4 Nf5 32. a5 Rb8 33. b4 Bg7 34. Bc5 Qd7
35. Rd1 Qa4 36. Bxb7 Bxe5 37. Bxa6 Bxc3 38. Bb7 Bxb4 39. Bxb4 Rxb7 40. Rd8+ Kh7
41. Qc3 Ng7 42. Bc5 Rc7 43. Rd2 Qb5 0-1

[Event "Torneo Distrito Chamartin 2015"]
[Site "Madrid ESP"]
[Date "2015.09.10"]
[Round "6.4"]
[White "Soto Martin, Pablo"]
[Black "Bolado Saez, Sergio"]
[Result "0-1"]
[WhiteElo "2035"]
[BlackElo "2365"]
[PlyCount "74"]
[EventDate "2015.09.06"]
[EventType "swiss"]
[EventRounds "9"]
[EventCountry "ESP"]
[SourceTitle "Ajedrez en Madrid"]
[Source "lmi"]
[SourceDate "2015.09.06"]
[SourceVersion "1"]
[SourceVersionDate "2015.09.17"]
[SourceQuality "1"]

1. e4 c5 2. Nf3 d6 3. c3 Nf6 4. h3 g6 5. Bd3 Bg7 6. O-O O-O 7. Bc2 e5 8. d4
exd4 9. cxd4 Nc6 10. Be3 b6 11. Nc3 Re8 12. Re1 Bb7 13. a3 a6 14. dxc5 bxc5 15.
Bf4 Nd4 16. Bd3 Nh5 17. Bh2 Nxf3+ 18. Qxf3 f5 19. Rad1 Bd4 20. Bc4+ Kh8 21. Bd5
fxe4 22. Rxe4 Rf8 23. Qd3 Bxf2+ 24. Kh1 Bxd5 25. Nxd5 Ng7 26. Ne3 Qg5 27. Bxd6
Rfe8 28. Nc4 Rxe4 29. Qxe4 Re8 30. Qb7 Qh5 31. Rc1 Bd4 32. Qf7 h6 33. Rf1 Re2
34. Qb7 Rf2 35. Re1 Qf5 36. Kh2 Rf1 37. Ne3 Be5+ 0-1

[Event "Torneo Distrito Chamartin 2015"]
[Site "Madrid ESP"]
[Date "2015.09.10"]
[Round "6.5"]
[White "Martinez Reyes, Pedro Ramon"]
[Black "Soto Martin, Miguel"]
[Result "1-0"]
[WhiteElo "2358"]
[BlackElo "1716"]
[PlyCount "75"]
[EventDate "2015.09.06"]
[EventType "swiss"]
[EventRounds "9"]
[EventCountry "ESP"]
[SourceTitle "Ajedrez en Madrid"]
[Source "lmi"]
[SourceDate "2015.09.06"]
[SourceVersion "1"]
[SourceVersionDate "2015.09.17"]
[SourceQuality "1"]

1. e4 c5 2. Nf3 d6 3. Bb5+ Bd7 4. Bxd7+ Qxd7 5. O-O Nf6 6. e5 dxe5 7. Nxe5 Qd5
8. Re1 e6 9. Nc3 Qd8 10. Qf3 Qb6 11. a4 a6 12. a5 Qc7 13. Nc4 Nbd7 14. d3 Be7
15. Bf4 Qc6 16. Qxc6 bxc6 17. Nb6 Ra7 18. Ne4 Nd5 19. Nc8 Ra8 20. Nxe7 Nxe7 21.
Bd6 Nf5 22. Bxc5 Nxc5 23. Nxc5 Nd4 24. Ra4 Nb5 25. Rb4 O-O 26. c4 Nd4 27. Rb6
Rfb8 28. Ra1 Nc2 29. Ra4 Nd4 30. Rab4 Rd8 31. Rxa6 Rxa6 32. Nxa6 Ne2+ 33. Kf1
Nf4 34. Rb8 Rxb8 35. Nxb8 Nxd3 36. a6 Nxb2 37. a7 Nxc4 38. a8=Q 1-0

[Event "Torneo Distrito Chamartin 2015"]
[Site "Madrid ESP"]
[Date "2015.09.10"]
[Round "6.7"]
[White "Alfaya Marcelo, Roberto"]
[Black "Camarero Izquierdo, Juan Carlo"]
[Result "1-0"]
[WhiteElo "2164"]
[BlackElo "1873"]
[PlyCount "81"]
[EventDate "2015.09.06"]
[EventType "swiss"]
[EventRounds "9"]
[EventCountry "ESP"]
[SourceTitle "Ajedrez en Madrid"]
[Source "lmi"]
[SourceDate "2015.09.06"]
[SourceVersion "1"]
[SourceVersionDate "2015.09.17"]
[SourceQuality "1"]

1. d4 f5 2. c4 e6 3. g3 Nf6 4. Bg2 Ne4 5. Nf3 b6 6. O-O Bb7 7. Qc2 d5 8. Nc3
Nd7 9. Bf4 c6 10. Rad1 Ndf6 11. Nd2 Bd6 12. Bxd6 Qxd6 13. Ndxe4 fxe4 14. f3
exf3 15. Bxf3 O-O-O 16. e4 Qb4 17. e5 Ne4 18. Bxe4 dxe4 19. Nxe4 Kb8 20. Nd6
Rd7 21. a3 Qa5 22. Qc3 Qxc3 23. bxc3 a5 24. Rf4 Ka7 25. Rdf1 Ka6 26. Rf7 Rhd8
27. Rxd7 Rxd7 28. Rf8 b5 29. c5 Re7 30. Kf2 Ka7 31. Ke3 Ba6 32. h4 g5 33. hxg5
Rg7 34. Kf4 Re7 35. g4 Bb7 36. Rh8 Ka6 37. g6 hxg6 38. Kg5 a4 39. Kxg6 Rd7 40.
Kf6 Ka7 41. g5 1-0

[Event "Torneo Distrito Chamartin 2015"]
[Site "Madrid ESP"]
[Date "2015.09.10"]
[Round "6.8"]
[White "Lopez Heras, Arturo"]
[Black "Palenciano Escolar, Adrian"]
[Result "0-1"]
[WhiteElo "1861"]
[BlackElo "2120"]
[PlyCount "86"]
[EventDate "2015.09.06"]
[EventType "swiss"]
[EventRounds "9"]
[EventCountry "ESP"]
[SourceTitle "Ajedrez en Madrid"]
[Source "lmi"]
[SourceDate "2015.09.06"]
[SourceVersion "1"]
[SourceVersionDate "2015.09.17"]
[SourceQuality "1"]

1. e4 c5 2. Nf3 d6 3. d4 cxd4 4. Nxd4 Nf6 5. Nc3 a6 6. Be2 e5 7. Nb3 Be7 8. O-O
O-O 9. Be3 Be6 10. Kh1 Nc6 11. f4 exf4 12. Rxf4 d5 13. exd5 Nxd5 14. Nxd5 Qxd5
15. Rf1 Qe5 16. Bg1 Qxb2 17. Bd3 Rad8 18. Nc5 Bc4 19. Rb1 Qa3 20. Nxb7 Bxd3 21.
cxd3 Rxd3 22. Qc2 Nd4 23. Qc4 Ne6 24. Rfc1 h6 25. Na5 Rd2 26. Nc6 Bg5 27. Rc2
Rxc2 28. Qxc2 Re8 29. Ne5 Nf4 30. Bd4 Qd6 31. Nf3 Qd5 32. Qb3 Qe4 33. h3 Ne2
34. Bf2 Nf4 35. Re1 Qc6 36. Rxe8+ Qxe8 37. Qc4 Qa8 38. Kh2 Ne6 39. Bg3 Qb7 40.
a4 Bd8 41. Nd4 Qe4 42. Bf2 Bc7+ 43. Kg1 Qb1+ 0-1

[Event "Torneo Distrito Chamartin 2015"]
[Site "Madrid ESP"]
[Date "2015.09.10"]
[Round "6.9"]
[White "Gonzalez Aguirre, Luis"]
[Black "Fernandez Garcia, Ignacio"]
[Result "1/2-1/2"]
[WhiteElo "2116"]
[BlackElo "1870"]
[PlyCount "68"]
[EventDate "2015.09.06"]
[EventType "swiss"]
[EventRounds "9"]
[EventCountry "ESP"]
[SourceTitle "Ajedrez en Madrid"]
[Source "lmi"]
[SourceDate "2015.09.06"]
[SourceVersion "1"]
[SourceVersionDate "2015.09.17"]
[SourceQuality "1"]

1. Nf3 Nf6 2. c4 d6 3. g3 e5 4. Nc3 c6 5. Bg2 Be6 6. b3 Be7 7. O-O h6 8. Qc2
Na6 9. d4 exd4 10. Nxd4 Bd7 11. e4 Ng4 12. h3 Ne5 13. Be3 g5 14. Nf5 Bxf5 15.
exf5 Qa5 16. Rfd1 O-O-O 17. a3 Kb8 18. b4 Qc7 19. Qb3 g4 20. b5 gxh3 21. Bh1
Nc5 22. Bxc5 dxc5 23. bxc6 h2+ 24. Kxh2 Nxc6 25. Nd5 Rxd5 26. cxd5 Nd4 27. Qd3
Bd6 28. Be4 h5 29. Kg2 Qe7 30. Rh1 h4 31. Rxh4 Rxh4 32. gxh4 Qxh4 33. Rh1 Qg5+
34. Kf1 Qc1+ 1/2-1/2

[Event "Torneo Distrito Chamartin 2015"]
[Site "Madrid ESP"]
[Date "2015.09.10"]
[Round "6.10"]
[White "Aziz Ortego, Omar Luis"]
[Black "Bartolome Martin, Angel"]
[Result "0-1"]
[WhiteElo "2061"]
[BlackElo "1591"]
[PlyCount "130"]
[EventDate "2015.09.06"]
[EventType "swiss"]
[EventRounds "9"]
[EventCountry "ESP"]
[SourceTitle "Ajedrez en Madrid"]
[Source "lmi"]
[SourceDate "2015.09.06"]
[SourceVersion "1"]
[SourceVersionDate "2015.09.17"]
[SourceQuality "1"]

1. e4 c6 2. d4 d5 3. e5 Bf5 4. h4 h6 5. g4 Bd7 6. h5 e6 7. Bd3 c5 8. c3 Nc6 9.
Nf3 Qb6 10. Be2 cxd4 11. cxd4 Bb4+ 12. Nc3 f6 13. Bf4 fxe5 14. Nxe5 Nxe5 15.
Bxe5 Nf6 16. O-O Bd6 17. Qd3 O-O 18. Rab1 Bxe5 19. dxe5 Nxg4 20. Bxg4 Rf4 21.
Nxd5 Rxg4+ 22. Kh2 exd5 23. Qxd5+ Qe6 24. Qxe6+ Bxe6 25. Rbd1 Rh4+ 26. Kg3 Rxh5
27. f4 Rf8 28. Rd6 Bf5 29. Rc1 g5 30. Rc7 gxf4+ 31. Kf2 Rf7 32. Rxf7 Kxf7 33.
Rf6+ Ke7 34. Kf3 Be6 35. Kxf4 Rh4+ 36. Kf3 h5 37. Rh6 Rh1 38. a3 h4 39. Rh7+
Bf7 40. Kg4 h3 41. Kg3 Kf8 42. e6 Bxe6 43. Rxb7 Rg1+ 44. Kh2 Rg2+ 45. Kh1 Bd5
46. Rb8+ Kg7 47. Rd8 Rd2+ 48. Rxd5 Rxd5 49. Kh2 Rd2+ 50. Kxh3 Rxb2 51. Kg4 Ra2
52. Kf5 Rxa3 53. Ke4 Rb3 54. Kd4 a5 55. Kc5 a4 56. Kc4 Rb8 57. Kc3 a3 58. Kd4
a2 59. Ke4 a1=Q 60. Kd5 Re8 61. Kc4 Qd1 62. Kc5 Rc8+ 63. Kb6 Qb1+ 64. Ka7 Rc2
65. Ka8 Ra2# 0-1

[Event "Torneo Distrito Chamartin 2015"]
[Site "Madrid ESP"]
[Date "2015.09.10"]
[Round "7.1"]
[White "Anton Veiga, Juan Carlos"]
[Black "Roa Alonso, Santiago"]
[Result "1/2-1/2"]
[WhiteElo "2051"]
[BlackElo "2383"]
[PlyCount "89"]
[EventDate "2015.09.06"]
[EventType "swiss"]
[EventRounds "9"]
[EventCountry "ESP"]
[SourceTitle "Ajedrez en Madrid"]
[Source "lmi"]
[SourceDate "2015.09.06"]
[SourceVersion "1"]
[SourceVersionDate "2015.09.17"]
[SourceQuality "1"]

1. e4 d6 2. d4 Nf6 3. Nc3 g6 4. Nf3 Bg7 5. Be2 O-O 6. O-O c6 7. a4 a5 8. h3 Na6
9. Be3 Nb4 10. Qc1 d5 11. exd5 cxd5 12. Nb5 Bf5 13. Ne1 Rc8 14. c3 Nc6 15. Bh6
Ne4 16. Bxg7 Kxg7 17. Bd3 f6 18. Qe3 e5 19. Rd1 Nd6 20. dxe5 fxe5 21. Nxd6 Qxd6
22. Bxf5 Rxf5 23. Qb6 Rf7 24. Nc2 Rd8 25. Ne3 d4 26. Nc4 Qd5 27. Qb5 Qe6 28.
cxd4 Rd5 29. Qb3 Nxd4 30. Qd3 Rf4 31. Rc1 Qf6 32. Nd2 Nf5 33. Rc7+ Kh6 34. Qc3
Qb6 35. Nf3 Ng3 36. Re1 Rd1 37. Qc5 Rxe1+ 38. Nxe1 Qxc5 39. Rxc5 Rxf2 40. Nd3
Rd2 41. Nxe5 Rd1+ 42. Kh2 Nf1+ 43. Kg1 Nd2+ 44. Kh2 Nf1+ 45. Kg1 1/2-1/2

[Event "Torneo Distrito Chamartin 2015"]
[Site "Madrid ESP"]
[Date "2015.09.10"]
[Round "7.2"]
[White "Vazquez Igarza, Renier"]
[Black "Bolado Saez, Sergio"]
[Result "1/2-1/2"]
[WhiteElo "2560"]
[BlackElo "2365"]
[PlyCount "80"]
[EventDate "2015.09.06"]
[EventType "swiss"]
[EventRounds "9"]
[EventCountry "ESP"]
[SourceTitle "Ajedrez en Madrid"]
[Source "lmi"]
[SourceDate "2015.09.06"]
[SourceVersion "1"]
[SourceVersionDate "2015.09.17"]
[SourceQuality "1"]

1. d4 Nf6 2. Nf3 e6 3. c4 c6 4. Nc3 d5 5. e3 Nbd7 6. Qc2 Bd6 7. Bd3 O-O 8. O-O
dxc4 9. Bxc4 b5 10. Bd3 Bb7 11. a3 Rc8 12. Qe2 a6 13. b4 e5 14. Bf5 Ra8 15. Bb2
exd4 16. exd4 Re8 17. Qc2 a5 18. Ng5 g6 19. Nce4 Bf4 20. Qb3 Bxg5 21. Nxg5 Nd5
22. Qg3 N7f6 23. Bc2 Nh5 24. Qh4 h6 25. Nf3 Qxh4 26. Nxh4 Re2 27. Rfc1 axb4 28.
Kf1 Rae8 29. Re1 Rxe1+ 30. Rxe1 Rxe1+ 31. Kxe1 Nhf4 32. g3 Ne6 33. Nf3 c5 34.
dxc5 Nxc5 35. Nd4 bxa3 36. Bxa3 b4 37. Bc1 h5 38. Nb3 Nxb3 39. Bxb3 Nc3 40. Bb2
Bd5 1/2-1/2

[Event "Torneo Distrito Chamartin 2015"]
[Site "Madrid ESP"]
[Date "2015.09.10"]
[Round "7.3"]
[White "Fernandez Lledo, Javier"]
[Black "Cervino Rossel, Cristobal"]
[Result "0-1"]
[WhiteElo "2286"]
[BlackElo "2090"]
[PlyCount "84"]
[EventDate "2015.09.06"]
[EventType "swiss"]
[EventRounds "9"]
[EventCountry "ESP"]
[SourceTitle "Ajedrez en Madrid"]
[Source "lmi"]
[SourceDate "2015.09.06"]
[SourceVersion "1"]
[SourceVersionDate "2015.09.17"]
[SourceQuality "1"]

1. e4 e5 2. Nf3 Nc6 3. Nc3 Nf6 4. d4 exd4 5. Nxd4 Bb4 6. Nxc6 Bxc3+ 7. bxc3
dxc6 8. Bd3 Ng4 9. Qe2 Qf6 10. O-O Qe5 11. f4 Qxc3 12. Rb1 Qc5+ 13. Kh1 h5 14.
Rb3 b5 15. f5 f6 16. g3 Bb7 17. h3 Ne5 18. Be3 Qd6 19. Qf2 h4 20. gxh4 a6 21.
Bc5 Qd7 22. Rd1 O-O-O 23. Rdb1 Qf7 24. a4 Qh5 25. Kg2 Nd7 26. Be3 Qxh4 27. Qxh4
Rxh4 28. Kg3 Rdh8 29. Rh1 bxa4 30. Rb4 c5 31. Rxa4 Nb6 32. Ra3 c4 33. Bxb6 cxb6
34. Bxc4 Rxe4 35. Bxa6 Bxa6 36. Rxa6 Kb7 37. Ra3 Rc4 38. Rh2 Rhc8 39. Ra2 Rc3+
40. Kg4 R8c4+ 41. Kh5 Rg3 42. h4 Rc8 0-1

[Event "Torneo Distrito Chamartin 2015"]
[Site "Madrid ESP"]
[Date "2015.09.10"]
[Round "7.4"]
[White "Suarez Uriel, Adrian"]
[Black "Bento Iglesias, Pablo"]
[Result "1-0"]
[WhiteElo "2224"]
[BlackElo "1860"]
[PlyCount "59"]
[EventDate "2015.09.06"]
[EventType "swiss"]
[EventRounds "9"]
[EventCountry "ESP"]
[SourceTitle "Ajedrez en Madrid"]
[Source "lmi"]
[SourceDate "2015.09.06"]
[SourceVersion "1"]
[SourceVersionDate "2015.09.17"]
[SourceQuality "1"]

1. e4 e5 2. Nf3 d6 3. d4 exd4 4. Nxd4 Nf6 5. Nc3 Be7 6. Bf4 O-O 7. Qd2 Nc6 8.
O-O-O a6 9. f3 Nxd4 10. Qxd4 Be6 11. Kb1 b5 12. Qd2 Qb8 13. g4 Rd8 14. g5 Nh5
15. Be3 c5 16. Nd5 Qb7 17. f4 g6 18. Qg2 Rab8 19. h4 Ng7 20. h5 Nxh5 21. Be2 f5
22. Bxh5 gxh5 23. Rxh5 Bxd5 24. Rxd5 fxe4 25. Qxe4 Bf8 26. Qe6+ Kh8 27. Bd2 b4
28. g6 h6 29. Rdf5 Rd7 30. Rxf8+ 1-0

[Event "Torneo Distrito Chamartin 2015"]
[Site "Madrid ESP"]
[Date "2015.09.10"]
[Round "7.5"]
[White "Urrutia Gonzalez, Javier"]
[Black "Martin Duque, Jesus"]
[Result "1/2-1/2"]
[WhiteElo "1946"]
[BlackElo "2374"]
[PlyCount "95"]
[EventDate "2015.09.06"]
[EventType "swiss"]
[EventRounds "9"]
[EventCountry "ESP"]
[SourceTitle "Ajedrez en Madrid"]
[Source "lmi"]
[SourceDate "2015.09.06"]
[SourceVersion "1"]
[SourceVersionDate "2015.09.17"]
[SourceQuality "1"]

1. e4 c5 2. d4 cxd4 3. c3 dxc3 4. Nxc3 Nc6 5. Nf3 e6 6. Bc4 d6 7. O-O Nf6 8.
Qe2 Be7 9. Rd1 e5 10. Be3 O-O 11. Rac1 Bg4 12. h3 Bh5 13. g4 Bg6 14. Nh4 Na5
15. Bd3 Nc6 16. Bc4 Na5 17. Bd3 a6 18. Nf5 Nc6 19. Bb1 Re8 20. Bc5 Bxf5 21.
gxf5 Qa5 22. Be3 Nd4 23. Bxd4 exd4 24. Rxd4 Bd8 25. Qd2 Bb6 26. Nd5 Qxd2 27.
Rxd2 Nxd5 28. Rxd5 Red8 29. Kg2 Kf8 30. a3 f6 31. Ba2 Ke7 32. Rd3 Bc5 33. Bd5
Rab8 34. Rdc3 a5 35. b4 axb4 36. axb4 Bxb4 37. Rc7+ Rd7 38. Rxd7+ Kxd7 39. Rb1
Bc5 40. Rxb7+ Rxb7 41. Bxb7 g5 42. Bd5 Kc7 43. Bg8 h6 44. Kg3 Kb6 45. f4 Be3
46. fxg5 hxg5 47. h4 gxh4+ 48. Kxh4 1/2-1/2